Normal view MARC view
  • García Valcárcel Muñoz Repiso, Ana

Entry Nombre Personal

Number of records used in: 1

001 - NUMERO DE CONTROL

  • campo de control: 59419

003 - IDENTIFICADOR DE NUMERO DE CONTROL

  • campo de control: UPN

005 - FECHA Y HORA DE LA ÜLTIMA TRANSACCIÓN

  • campo de control: 20260428134952.0

008 - DATOS DE LONGITUD FIJA

  • campo de control de longitud fija: 260428|| acz||aabn | a|a d

024 ## - OTROS IDENTIFICADORES NORMALIZADOS

  • Fuente: orcid
  • Número normalizado o código: https://orcid.org/0000-0003-0463-0192

040 ## - FUENTE DE CATALOGACIÓN

  • Agencia original de catalogación: MX-MxUPN

100 1# - ENCABEZAMIENTO - NOMBRE PERSONAL

  • Nombre personal: García Valcárcel Muñoz Repiso, Ana

370 ## - LUGAR ASOCIADO

  • Place of birth: España

371 ## - DIRECCIÓN

  • Electronic mail address: anagv@usal.es

373 ## - GRUPO ASOCIADO

  • Associated group: Universidad de Salamanca

374 ## - OCUPACIÓN

  • Occupation: Docencia e investigación universitaria

377 ## - LENGUA ASOCIADA

  • Language code: spa

670 ## - FUENTE EN LA QUE SE LOCALIZARON DATOS

  • Cita de la fuente: En recurso en línea: RED : revista de educación a distancia. Vol. 25, no. 81, (2025)
  • Información localizada: (Ana García Valcárcel Muñoz Repiso)
  • Uniform Resource Identifier: https://revistas.um.es/red/article/view/620841/373851

902 ## - CATALOGADOR

  • Catalogador: Leonor Sotres/280426